Tổng hợp oxit hỗn hợp CeO2-Al2O3 cấu trúc nano bằng phương pháp đốt cháy gel /
Αποθηκεύτηκε σε:
| Κύριος συγγραφέας: | |
|---|---|
| Άλλοι συγγραφείς: | , , |
| Μορφή: | Άρθρο |
| Γλώσσα: | Vietnamese |
| Ετικέτες: |
Προσθήκη ετικέτας
Δεν υπάρχουν, Καταχωρήστε ετικέτα πρώτοι!
|
| Thư viện lưu trữ: | Thư viện Trường Đại học Đà Lạt |
|---|
| LEADER | 00821nam a2200265 4500 | ||
|---|---|---|---|
| 001 | DLU150168314 | ||
| 005 | ##20150331 | ||
| 040 | # | # | |a DLU |b vie |
| 041 | # | # | |a vie |
| 044 | # | # | |a vn |
| 100 | # | # | |a Lưu Minh Đại. |
| 245 | # | # | |a Tổng hợp oxit hỗn hợp CeO2-Al2O3 cấu trúc nano bằng phương pháp đốt cháy gel / |c Lưu Minh Đại, ...[và những người khác]. |
| 700 | # | # | |a Đào Ngọc Nhiệm. |
| 700 | # | # | |a Dương Thị Lịm. |
| 700 | # | # | |a Nguyễn Văn Phú. |
| 773 | # | # | |t Hóa học |g Số 4, 2011, tr. 405-408 |
| 920 | # | # | |a Phòng Tạp chí -- Trung tâm Thông tin - Thư viện Trường Đại học Đà Lạt |
| 994 | # | # | |a DLU |
| 900 | # | # | |a True |
| 911 | # | # | |a Hoàng Thị Huyền |
| 925 | # | # | |a G |
| 926 | # | # | |a A |
| 927 | # | # | |a BB |
| 980 | # | # | |a Thư viện Trường Đại học Đà Lạt |